| 000 | 00357nam a22001217a 4500 | ||
|---|---|---|---|
| 008 | 130616b xxu||||| |||| 00| 0 eng d | ||
| 082 |
_222 ed. _a348.041WEE _b1 |
||
| 100 | _aELLIS,C.Q. | ||
| 245 |
_aThe Weekly Law Reports 1995 VOL.3 _cELLIS,C.Q. |
||
| 260 |
_aLONDON _bTHE INCORPROATE COUNCIL OF LAW REPORTING |
||
| 300 |
_axxi.;939p. _c24cm. |
||
| 942 |
_2ddc _cLRT |
||
| 999 |
_c5413 _d5413 |
||